00225nam a2200085Ia 450000100070000000500170000700800410002424500480006526000260011373994420250826164131.0250824s9999 xx 000 0 und d 0aKUŞ UÇTU ŞİİR KALDIcAYTÜL AKAL bUÇANBALIK YAYINLARI